| 000 | 00524nam a2200181 a 4500 | ||
|---|---|---|---|
| 005 | 20140310183318.0 | ||
| 008 | 051201s19uu xx 00 eng d | ||
| 020 | _a9719005041 | ||
| 050 |
_aRT 85 _b.P123 2004 |
||
| 100 | _aPadilla, Reynaldo A. | ||
| 245 |
_aEthics for the nursing profession / _cReynaldo A. Padilla. |
||
| 260 |
_aLas PiƱas City, Philippines : _c2004. _bJP Printhouse Company |
||
| 300 |
_a194 p. : _c21 cm. |
||
| 521 | _aNUR | ||
| 650 | _aEthics, Nursing. | ||
| 942 |
_cBK _2lcc _kLOC |
||
| 999 |
_c21318 _d21318 |
||